| 000 | 00693nam a22002177a 4500 | ||
|---|---|---|---|
| 999 |
_c14069 _d14069 |
||
| 003 | AR-CdUCM | ||
| 008 | 190422b ||||| |||| 00| 0 spa d | ||
| 040 |
_aMUNICIPALIDAD PROVINCIAL DEL CUSCO _cBIBLIOTECA MUNICIPAL DEL CUSCO |
||
| 041 | _heng | ||
| 082 |
_aPI / 808.899 / _bD82 |
||
| 110 |
_aDisney Enterprises Inc. _932740 |
||
| 245 |
_aDisney Princesa : _bLa Bella y la Bestia / |
||
| 260 |
_aMéxico : _bSilver Dolphin, _c2013. |
||
| 300 |
_bilustraciones, _c19 cm. |
||
| 650 |
_aLiteratura infantil _9588 |
||
| 650 |
_aCuento infantil _93319 |
||
| 650 |
_aPrimera infancia _924660 |
||
| 700 |
_aMoral, S. del (traducción) _932741 |
||
| 942 |
_2ddc _cLIBROS |
||
| 945 |
_aachl _d2019-04-22 |
||